000 00374nam a2200121Ia 4500
008 231129s9999||||xx |||||||||||||| ||spa||
020 _a958-33-4902-X
082 _a346.048 C266c
100 _aCárdenas Pérez Pablo Emilio
245 0 _aComentarios sobre propiedad intelectual
264 _aBogotá Colombia : Cosmos
942 _2ddc
_cBKS
999 _c7423
_d7423